000 nam a22 7a 4500
999 _c40560
_d40560
003 OSt
005 20170921112402.0
008 170921b xxu||||| |||| 00| 0 eng d
040 _cSEROSOFT
100 _aGUPTA,D V
245 _aSURVEYING-II (HINDI)
250 _a3RD
260 _aMUZAFFARNAGAR
_bASIAN
_c2017-18
300 _a392
942 _2ddc
_c02
_e3RD